Daily Capital City Riddle #30 - Statistics

General Stats
  • This quiz has been taken 69 times
  • The average score is 29 of 33
Answer Stats
Type Answer % Correct
Found Letter A
100%
Alphabet Letter E
100%
Alphabet Letter I
98%
Alphabet Letter R
98%
Found Letter N
97%
Alphabet Letter O
97%
Alphabet Letter S
97%
Alphabet Letter T
97%
Alphabet Letter B
95%
Alphabet Letter W
94%
Found Letter D
92%
Alphabet Letter G
92%
Found Letter U
92%
Correctly Placed Letter A
90%
Found Letter L
90%
Alphabet Letter M
90%
Alphabet Letter P
90%
Alphabet Letter C
89%
Alphabet Letter H
89%
Alphabet Letter K
87%
Alphabet Letter J
84%
Correctly Placed Letter U
84%
Alphabet Letter Y
82%
Alphabet Letter V
81%
Correctly Placed Letter N
79%
Correctly Placed Letter L
77%
Correctly Placed Letter A
74%
Correctly Placed Letter D
74%
Alphabet Letter Q
74%
Alphabet Letter Z
74%
Alphabet Letter X
73%
Alphabet Letter F
71%
Mystery Capital Luanda
69%
No matching quizzes found
Score Distribution
Percent of People with Each Score
Percentile by Number Answered
Your Score History
You have not taken this quiz